<?xml version="1.0" encoding="UTF-8"?>
<record
    xmlns:xsi="http://www.w3.org/2001/XMLSchema-instance"
    xsi:schemaLocation="http://www.loc.gov/MARC21/slim http://www.loc.gov/standards/marcxml/schema/MARC21slim.xsd"
    xmlns="http://www.loc.gov/MARC21/slim">

  <leader>01880    a2200265   4500</leader>
  <controlfield tag="001">44883</controlfield>
  <controlfield tag="005">20260407155723.0</controlfield>
  <controlfield tag="008">260407a1985    arg                 spa d</controlfield>
  <controlfield tag="003">AR-UNSa-BCEJYS</controlfield>
  <datafield tag="040" ind1=" " ind2=" ">
    <subfield code="a">AR-UNSa-BCEJYS</subfield>
    <subfield code="b">spa</subfield>
    <subfield code="c">AR-UNSa-BCEJYS</subfield>
  </datafield>
  <datafield tag="080" ind1=" " ind2=" ">
    <subfield code="a">330.43</subfield>
    <subfield code="x">Econometr&#xED;a</subfield>
  </datafield>
  <datafield tag="245" ind1="1" ind2="0">
    <subfield code="a">Econometr&#xED;a</subfield>
  </datafield>
  <datafield tag="020" ind1=" " ind2=" ">
    <subfield code="a">968-451-675-4</subfield>
  </datafield>
  <datafield tag="264" ind1=" " ind2="1">
    <subfield code="a">M&#xE9;xico :</subfield>
    <subfield code="b">McGraw-Hill</subfield>
    <subfield code="c">1985</subfield>
  </datafield>
  <datafield tag="300" ind1=" " ind2=" ">
    <subfield code="a">xii, 546 p.</subfield>
    <subfield code="c">23 cm.</subfield>
  </datafield>
  <datafield tag="505" ind1=" " ind2=" ">
    <subfield code="a">Parte I: Introducci&#xF3;n: 1.  Datos, variables y modelos &#x2013; Parte II: Introducci&#xF3;n a la probabilidad y la inferencia estad&#xED;stica: 2. Probabilidad &#x2013; 3. Variables aleatorias y distribuciones de probabilidad &#x2013; 4. Inferencia estad&#xED;stica cl&#xE1;sica &#x2013; 5. Inferencia bayesiana y teor&#xED;a de la decisi&#xF3;n &#x2013; Parte III: Introducci&#xF3;n a los m&#xE9;todos econom&#xE9;tricos: 6. Medidas descriptivas &#x2013; 7. Regresi&#xF3;n lineal simple &#x2013; 8. Regresi&#xF3;n m&#xFA;ltiple &#x2013; 9. Variables ficticias, variables retardadas y no linealidades en la regresi&#xF3;n m&#xFA;ltiple &#x2013; 10. Algunos temas adicionales en la regresi&#xF3;n m&#xFA;ltiple &#x2013; 11. Introducci&#xF3;n a los modelos de ecuaciones simult&#xE1;neas &#x2013; Parte IV: Tratamiento adicional de temas seleccionados: 12. Heterocedasticidad y autocorrelaci&#xF3;n &#x2013; 13. Errores en variables y perturbaciones no normales &#x2013; 14. An&#xE1;lisis de la covarianza y combinaci&#xF3;n de datos de secci&#xF3;n cruzada y series temporales &#x2013; 15. Tendencia, variaci&#xF3;n estacional y predicci&#xF3;n &#x2013; 16. Modelos de retardos distribuidos &#x2013; 17. Modelos de par&#xE1;metros cambiantes &#x2013; 18. M&#xE9;todos bayesianos en econometr&#xED;a - </subfield>
  </datafield>
  <datafield tag="041" ind1=" " ind2=" ">
    <subfield code="a">spa</subfield>
  </datafield>
  <datafield tag="942" ind1=" " ind2=" ">
    <subfield code="c">BK</subfield>
  </datafield>
  <datafield tag="590" ind1=" " ind2=" ">
    <subfield code="a">niveau_biblio:m niveau_hierar:0</subfield>
  </datafield>
  <datafield tag="100" ind1="1" ind2=" ">
    <subfield code="a">Contreras Garcia, Javier</subfield>
  </datafield>
  <datafield tag="700" ind1="1" ind2=" ">
    <subfield code="a">Maddala, G.S.</subfield>
  </datafield>
  <datafield tag="700" ind1="1" ind2=" ">
    <subfield code="a">Lozano L&#xF3;pez, Vicente</subfield>
  </datafield>
  <datafield tag="700" ind1="1" ind2=" ">
    <subfield code="a">Garcia Ferrer, Antonio</subfield>
  </datafield>
  <datafield tag="856" ind1="4" ind2="1">
    <subfield code="u">https://www.biblioeco.unsa.edu.ar/pmb/images/libros/L127014.jpg</subfield>
    <subfield code="y">Imagen de portada</subfield>
    <subfield code="q">image/jpeg</subfield>
  </datafield>
  <datafield tag="999" ind1=" " ind2=" ">
    <subfield code="c">3832</subfield>
    <subfield code="d">3832</subfield>
  </datafield>
  <datafield tag="952" ind1=" " ind2=" ">
    <subfield code="0">0</subfield>
    <subfield code="1">0</subfield>
    <subfield code="4">0</subfield>
    <subfield code="7">0</subfield>
    <subfield code="a">BCEJYS</subfield>
    <subfield code="b">BCEJYS</subfield>
    <subfield code="c">16</subfield>
    <subfield code="d">2026-04-07</subfield>
    <subfield code="l">0</subfield>
    <subfield code="o">330.43 M179e</subfield>
    <subfield code="p">L127014</subfield>
    <subfield code="r">2026-04-07 15:57:23</subfield>
    <subfield code="w">2026-04-07</subfield>
    <subfield code="y">L</subfield>
  </datafield>
</record>
